000 00757nam a2200277Ia 4500
003 OSt
005 20221006140655.0
006 a|||||r|||| 00| 0
007 ta
008 221006b |||||||| |||| 00| 0 jpn d
020 _c¥370
024 _a346
037 _bGift, Japan Foundation
_cTextual
040 _aEASL
_cEASL
_bjpn
041 _2jpn
_ajpn
082 _aY:1.42, L2
100 _aUMESAO Tadao Ed.
_9643165
245 0 _aNihon bunka no hyojo
260 _aTokyo
_bKodansha Japan
_c1972
300 _a230p.
_ccm.
490 _v JL
650 _aJL
700 _a TADA Michitaro Ed.
_9643166
942 _hY:1.42, L2
_cTEXL
_2CC
999 _c1068433
_d1068433